Jawetz, Melnick & Adelberg's medical microbiology (Record no. 16230)

MARC details
000 -LEADER
fixed length control field 00520nam a22001577a 4500
008 - FIXED-LENGTH DATA ELEMENTS--GENERAL INFORMATION
fixed length control field 161103b xxu||||| |||| 00| 0 eng d
020 ## - INTERNATIONAL STANDARD BOOK NUMBER
International Standard Book Number 0071824989
040 ## - CATALOGING SOURCE
Original cataloging agency KABU
Transcribing agency KABU
050 ## - LIBRARY OF CONGRESS CALL NUMBER
Classification number QR46
Item number .J39 2016 C.1
245 ## - TITLE STATEMENT
Title Jawetz, Melnick & Adelberg's medical microbiology
250 ## - EDITION STATEMENT
Edition statement 27th international edition
260 ## - PUBLICATION, DISTRIBUTION, ETC. (IMPRINT)
Place of publication, distribution, etc. New York
Name of publisher, distributor, etc. McGrawhill education
Date of publication, distribution, etc. 2016
300 ## - PHYSICAL DESCRIPTION
Extent ix, 851 p.
650 ## - SUBJECT ADDED ENTRY--TOPICAL TERM
Source of heading or term Medical microbiology
942 ## - ADDED ENTRY ELEMENTS (KOHA)
Source of classification or shelving scheme Library of Congress Classification
Koha item type General Collection
Edition 27th international ed.
Classification part QR46 .J39 2016 C.1
Holdings
Withdrawn status Lost status Source of classification or shelving scheme Not for loan Home library Current library Shelving location Date acquired Cost, normal purchase price Total Checkouts Total Renewals Full call number Barcode Date last seen Date last checked out Copy number Price effective from Koha item type
    Library of Congress Classification   Kabarak, Main Campus Kabarak, Main Campus General Stacks 03/11/2016 4660.00 31 3 QR46 .J39 2016 C.1 026980 20/02/2026 07/02/2026 C.1 03/11/2016 General Collection
    Library of Congress Classification   Kabarak, Main Campus Kabarak, Main Campus General Stacks 03/11/2016 4660.00 38 4 QR46 .J39 2016 C.2 026981 15/04/2026 09/04/2026 C.2 03/11/2016 General Collection
Designed with assistance from East African Informatics Ltd